000 00199 a2200097 4500
001 13961
100 _a
245 _a14 Great plays
260 _aLondon
_bHeinemann Octopus
_c
090 _c10924
_d10924
942 _aNUST-CAE
_cM
_c1030
999 _c249034
_d249034